[Event "Championnat de France Open B"]
[Site "CALVI"]
[Date "2005.??.??"]
[Round "1.2"]
[White "Triboulin, B."]
[Black "Lacer, W."]
[Result "1-0"]
[WhiteElo "1420"]
[BlackElo "1010"]
[PlyCount "41"]
[EventDate "2005.??.??"]
[SourceDate "2005.04.17"]

1. e4 e5 2. Nf3 Nc6 3. Nc3 Nf6 4. Bb5 Bc5 5. O-O d6 6. d4 O-O 7. dxc5 dxc5 8.
Qe2 Bg4 9. h3 Bxf3 10. Qxf3 Nd4 11. Qd3 Nxb5 12. Qxb5 Re8 13. Qxb7 Qd7 14. Rd1
Qe7 15. Bg5 h6 16. Nd5 Qe6 17. Nxf6+ gxf6 18. Bxh6 Re7 19. Qxa8+ Kh7 20. Qf8
Re8 21. Qg7# 1-0

[Event "Championnat de France Open B"]
[Site "CALVI"]
[Date "2005.??.??"]
[Round "1.3"]
[White "Sonthor, T."]
[Black "Bole, F."]
[Result "0-1"]
[WhiteElo "1010"]
[BlackElo "1400"]
[PlyCount "78"]
[EventDate "2005.??.??"]
[SourceDate "2005.04.17"]

1. e4 e5 2. Nf3 Nc6 3. Bb5 a6 4. Bxc6 dxc6 5. Nxe5 Qd4 6. Nf3 Qxe4+ 7. Qe2
Qxe2+ 8. Kxe2 Nf6 9. Nc3 Bd6 10. d3 O-O 11. Bg5 Re8+ 12. Kd2 Nd5 13. Nxd5 cxd5
14. Rhe1 Bg4 15. Rxe8+ Rxe8 16. Re1 Rxe1 17. Nxe1 Bxh2 18. f3 Be6 19. c4 dxc4
20. dxc4 Bxc4 21. b3 Bd5 22. g4 f6 23. Bf4 Bxf4+ 24. Kc3 g6 25. Nd3 Bg3 26. Kd4
Bxf3 27. Nc5 Bf2+ 28. Kc4 b5+ 29. Kb4 Bxg4 30. Nd3 Bb6 31. a4 Be2 32. Nc1 Bf1
33. Na2 h5 34. Nc3 c6 35. axb5 axb5 36. Ne4 Kf7 37. Nd6+ Ke6 38. Ne4 Ke5 39.
Ng3 Bg2 0-1

[Event "Championnat de France Open B"]
[Site "CALVI"]
[Date "2005.??.??"]
[Round "1.5"]
[White "Anemak, Z."]
[Black "Cornaton, M."]
[Result "0-1"]
[WhiteElo "1009"]
[BlackElo "1380"]
[PlyCount "30"]
[EventDate "2005.??.??"]
[SourceDate "2005.04.17"]

1. e4 e5 2. Nf3 Nf6 3. Nc3 Nc6 4. Bc4 Bb4 5. O-O Bxc3 6. Bb5 Qe7 7. d4 exd4 8.
Bg5 O-O 9. Bxc6 dxc6 10. Bxf6 Qxf6 11. Nd2 Bxb2 12. Nb3 Bxa1 13. Qxa1 Qg6 14.
Nd2 Bh3 15. Kh1 Qxg2# 0-1

[Event "Championnat de France Petit-Poussins"]
[Site "CALVI"]
[Date "????.??.??"]
[Round "2.1"]
[White "Sarafian, Thomas"]
[Black "Bellahcene, Bilel"]
[Result "0-1"]
[WhiteElo "1250"]
[BlackElo "1630"]
[PlyCount "88"]
[EventDate "2005.??.??"]
[SourceDate "2005.04.17"]

1. e4 e5 2. Nf3 Nc6 3. Nc3 Bc5 4. Nxe5 Bxf2+ 5. Kxf2 Nxe5 6. d4 Nc6 7. Be2 d6
8. Rf1 Nf6 9. Kg1 Bd7 10. Bg5 h6 11. Bh4 g5 12. Bg3 Qe7 13. Bc4 Bg4 14. Qd2
O-O-O 15. Rae1 Rhf8 16. Qc1 Nxd4 17. e5 Ne8 18. exd6 Qd7 19. Re7 Qc6 20. Bxf7
Nxd6 21. Bd5 Qxc3 22. bxc3 Ne2+ 23. Rxe2 Bxe2 24. Rxf8 Rxf8 25. Bf2 Nb5 26. Qe3
Bh5 27. Bc4 Na3 28. Qxa7 Rxf2 29. Kxf2 Nxc4 30. Qc5 Nd6 31. Qe3 Kd7 32. Qh3+
Kc6 33. Qxh5 Kc5 34. Qxh6 Kc4 35. Qxg5 Ne4+ 36. Ke3 Nxg5 37. h4 Nh7 38. g4 Kxc3
39. g5 Kc4 40. g6 Nf6 41. g7 Kd5 42. h5 Ke6 43. Kf4 Nxh5+ 44. Ke3 Nxg7 0-1

[Event "Championnat de France Petit-Poussins"]
[Site "CALVI"]
[Date "????.??.??"]
[Round "2.3"]
[White "Kohi, Armand"]
[Black "Baudry, Remi"]
[Result "1-0"]
[WhiteElo "1530"]
[BlackElo "1160"]
[PlyCount "60"]
[EventDate "2005.??.??"]
[SourceDate "2005.04.17"]

1. d4 d5 2. c4 dxc4 3. e4 Nc6 4. d5 e5 5. dxc6 bxc6 6. Qxd8+ Kxd8 7. Bxc4 Bb4+
8. Bd2 c5 9. Bxf7 Nf6 10. Bd5 Nxd5 11. exd5 Rb8 12. b3 Re8 13. Nf3 e4 14. Ng5
e3 15. fxe3 Rxe3+ 16. Kf2 Re5 17. Nf7+ Ke7 18. Nxe5 Bf5 19. Bxb4 cxb4 20. Nd2
Rd8 21. Ndc4 Rxd5 22. Rad1 Rc5 23. Rhe1 Kf8 24. g4 Bc2 25. Rd2 Bg6 26. Nd7+ Kg8
27. Nxc5 Bf7 28. Rd8+ Be8 29. Rexe8+ Kf7 30. Ne5+ Kf6 1-0

[Event "Championnat de France Petit-Poussins"]
[Site "CALVI"]
[Date "????.??.??"]
[Round "2.4"]
[White "Gautier, Jeremy"]
[Black "Eid, Amine"]
[Result "0-1"]
[WhiteElo "1190"]
[BlackElo "1510"]
[PlyCount "64"]
[EventDate "2005.??.??"]
[SourceDate "2005.04.17"]

1. e4 c5 2. Nf3 g6 3. Bb5 a6 4. Ba4 b5 5. Bxb5 axb5 6. O-O Bg7 7. d3 d6 8. Be3
Bxb2 9. Nbd2 Bxa1 10. Qxa1 e5 11. Nxe5 Qf6 12. Nef3 Qxa1 13. Rxa1 Ne7 14. Rb1
Rxa2 15. Rxb5 Nd7 16. c4 O-O 17. Rb1 Ne5 18. Nxe5 dxe5 19. Bxc5 Rxd2 20. Bxe7
Re8 21. Bb4 Rxd3 22. Rc1 Red8 23. h3 Rd1+ 24. Rxd1 Rxd1+ 25. Kh2 Rb1 26. Ba3
Ra1 27. Bb4 Ra4 28. Bd6 Rxc4 29. Bxe5 Rxe4 30. Bb8 Re2 31. Ba7 f5 32. f3 g5 0-1

[Event "Championnat de France Petit-Poussins"]
[Site "CALVI"]
[Date "????.??.??"]
[Round "2.5"]
[White "Chupin, Pierre-Henri"]
[Black "Pruvot, Louis"]
[Result "0-1"]
[WhiteElo "1009"]
[BlackElo "1490"]
[PlyCount "52"]
[EventDate "2005.??.??"]
[SourceDate "2005.04.17"]

1. e4 e5 2. Nf3 Nc6 3. Bb5 Nd4 4. Bc4 Qf6 5. Nc3 Bc5 6. d3 h6 7. Be3 d6 8. Bxd4
Bxd4 9. Nxd4 exd4 10. Nd5 Qd8 11. Qf3 Be6 12. O-O c6 13. Nb4 Bxc4 14. dxc4 Nf6
15. Rfe1 Qe7 16. Qf4 Qe5 17. Qxe5+ dxe5 18. c3 dxc3 19. bxc3 Ke7 20. Rad1 Rad8
21. h3 Rxd1 22. Rxd1 Nxe4 23. Rc1 a5 24. Nc2 Nxc3 25. Ra1 Rd8 26. Kh2 Rd2 0-1

[Event "Championnat de France Petite-Poussine"]
[Site "CALVI"]
[Date "????.??.??"]
[Round "2.2"]
[White "Bellaiche, Elise"]
[Black "Husser, Julie"]
[Result "1-0"]
[WhiteElo "1320"]
[BlackElo "1010"]
[PlyCount "34"]
[EventDate "2005.??.??"]
[SourceDate "2005.04.17"]

1. e4 e5 2. Nf3 Nc6 3. Bc4 Bb4 4. a3 Bc5 5. d3 Nf6 6. Bg5 O-O 7. Nc3 h6 8. Bh4
d6 9. Nd5 Be6 10. Nxf6+ Kh8 11. Nh5 Bxc4 12. Bxd8 Rfxd8 13. dxc4 g6 14. Nf6 Kg7
15. Nd5 Nd4 16. Nxd4 Bxd4 17. c3 Bc5 1-0

[Event "Championnat de France Petite-Poussine"]
[Site "CALVI"]
[Date "????.??.??"]
[Round "2.4"]
[White "Grand, Laura"]
[Black "Auvray, Honorine"]
[Result "0-1"]
[WhiteElo "1009"]
[BlackElo "1250"]
[PlyCount "54"]
[EventDate "2005.??.??"]
[SourceDate "2005.04.17"]

1. e4 c5 2. Nc3 e6 3. Nf3 d5 4. Bb5+ Bd7 5. Bxd7+ Qxd7 6. d3 Nf6 7. Bg5 Be7 8.
O-O O-O 9. Bxf6 Bxf6 10. e5 Bd8 11. d4 cxd4 12. Nxd4 Qe7 13. Qf3 Qh4 14. Qg3
Qxd4 15. Rad1 Qc5 16. Rfe1 d4 17. Ne2 Bc7 18. Nxd4 Nc6 19. Nf3 Rad8 20. Rc1 Rd7
21. Nh4 Rfd8 22. h3 Bxe5 23. Qg5 h6 24. Qe3 Qxe3 25. fxe3 Bg3 26. Red1 Rxd1+
27. Rxd1 Rxd1# 0-1

[Event "Championnat de France Petite-Poussine"]
[Site "CALVI"]
[Date "????.??.??"]
[Round "2.5"]
[White "Maton, Amandine"]
[Black "Bertrand, Oriane"]
[Result "0-1"]
[WhiteElo "1180"]
[BlackElo "1009"]
[PlyCount "48"]
[EventDate "2005.??.??"]
[SourceDate "2005.04.17"]

1. e4 e5 2. Nf3 Nc6 3. Bc4 Nf6 4. Nc3 Nxe4 5. Nxe4 d5 6. Bd3 dxe4 7. Bxe4 Bb4
8. c3 Bc5 9. d3 h6 10. O-O O-O 11. b4 Bd6 12. d4 Bg4 13. h3 Bh5 14. Qc2 Bxf3
15. Bxf3 exd4 16. cxd4 Nxd4 17. Qd3 Be5 18. Bxb7 Rb8 19. Be4 Qe8 20. Rb1 Qe7
21. a3 Bd6 22. Bd2 Nb5 23. a4 Qe5 24. Rfe1 Qh2+ 0-1

[Event "Championnat de France Poussins"]
[Site "CALVI"]
[Date "????.??.??"]
[Round "2.1"]
[White "Roubaud, Alexandre"]
[Black "Moussard, Jules"]
[Result "0-1"]
[WhiteElo "1550"]
[BlackElo "2030"]
[PlyCount "80"]
[EventDate "2005.??.??"]
[SourceDate "2005.04.17"]

1. e4 g6 2. d4 Bg7 3. Nf3 d6 4. Nc3 a6 5. Bc4 b5 6. Bb3 e6 7. Qd3 Bb7 8. d5
exd5 9. exd5 Nd7 10. O-O Ne7 11. Be3 O-O 12. Bd4 Nc5 13. Qd2 Bxd4 14. Qxd4 Nf5
15. Qd2 Qf6 16. a3 Rfe8 17. Rfe1 Nxb3 18. cxb3 c6 19. Ne4 Qg7 20. Nxd6 Nxd6 21.
dxc6 Bxc6 22. Qxd6 Bxf3 23. gxf3 Qxb2 24. Rxe8+ Rxe8 25. Rd1 Qxb3 26. Qd7 Qe6
27. Qd4 Qe5 28. Qxe5 Rxe5 29. Rd6 Re6 30. Rd3 Kg7 31. Kg2 Kf6 32. f4 Rb6 33.
Kf3 a5 34. Rb3 b4 35. h4 a4 36. Rb2 b3 37. Ke4 Rc6 38. Ke3 Rc3+ 39. Ke2 Kf5 40.
Rd2 Ke4 0-1

[Event "Championnat de France Poussins"]
[Site "CALVI"]
[Date "????.??.??"]
[Round "2.2"]
[White "Cabanes, Kim"]
[Black "Luciani, Thibault"]
[Result "1-0"]
[WhiteElo "1830"]
[BlackElo "1540"]
[PlyCount "87"]
[EventDate "2005.??.??"]
[SourceDate "2005.04.17"]

1. e4 c5 2. Nf3 Nc6 3. d4 cxd4 4. Nxd4 Nf6 5. Nc3 e5 6. Ndb5 d6 7. a4 a6 8. Na3
Be6 9. Bg5 Be7 10. Bxf6 Bxf6 11. Bc4 O-O 12. O-O g6 13. Nd5 Bg7 14. c3 Ne7 15.
Nc2 Nxd5 16. exd5 Bd7 17. a5 f5 18. Re1 Qf6 19. Bf1 Rac8 20. Ra2 Rc5 21. c4 Rb8
22. b4 Rcc8 23. Na3 b6 24. axb6 Rxb6 25. Nc2 Ra8 26. c5 Rbb8 27. c6 Be8 28.
Rxa6 Rxa6 29. Bxa6 Qd8 30. b5 Qb6 31. Qc1 Bf6 32. Ne3 Bd8 33. Nc4 Qc5 34. Ne3
Qb6 35. Re2 Kg7 36. Rc2 Bc7 37. Nc4 Qa7 38. Nxd6 Qd4 39. Nxe8+ Rxe8 40. Rd2 Qb4
41. Qb2 Qc5 42. h3 Rd8 43. Qb3 Qe7 44. Qd1 1-0

[Event "Championnat de France Poussins"]
[Site "CALVI"]
[Date "????.??.??"]
[Round "2.3"]
[White "Giroyan, Gary"]
[Black "Vandeburie, Benoit"]
[Result "1-0"]
[WhiteElo "1730"]
[BlackElo "1540"]
[PlyCount "71"]
[EventDate "2005.??.??"]
[SourceDate "2005.04.17"]

1. e4 e5 2. Nf3 Nc6 3. Bb5 Nf6 4. d3 d6 5. c3 Bg4 6. Nbd2 Be7 7. Nf1 O-O 8. h3
Be6 9. Ng3 a6 10. Ba4 b5 11. Bc2 d5 12. Qe2 Re8 13. O-O Kh8 14. Ng5 h6 15. Nxe6
fxe6 16. f4 exf4 17. Bxf4 e5 18. Bd2 Bc5+ 19. Kh1 d4 20. Nf5 Kh7 21. Qf3 Rf8
22. Qg3 Qd7 23. Bb3 Rad8 {Diagramme #} 24. Be6 Qe7 25. Nxe7 Bxe7 26. Bf5+ Kh8
27. Qg6 dxc3 28. Bxc3 Rxd3 29. Rfd1 Rxd1+ 30. Rxd1 b4 31. Be1 Na5 32. Rd7 Nc6
33. Bxb4 Nxb4 34. Rxe7 Rg8 35. Qxf6 gxf6 36. Rh7# 1-0

[Event "Championnat de France Poussins"]
[Site "CALVI"]
[Date "????.??.??"]
[Round "2.4"]
[White "Banos-Robles, Romain"]
[Black "Gros, Alexandre"]
[Result "1/2-1/2"]
[WhiteElo "1520"]
[BlackElo "1680"]
[PlyCount "33"]
[EventDate "2005.??.??"]
[SourceDate "2005.04.17"]

1. e4 c5 2. Nf3 Nc6 3. Bb5 e6 4. d4 cxd4 5. Nxd4 Nge7 6. O-O a6 7. Be2 Ng6 8.
Nc3 Qc7 9. Be3 Bd6 10. h3 Nxd4 11. Bxd4 O-O 12. Qd2 Bf4 13. Be3 Be5 14. Bd4 Bf4
15. Be3 Be5 16. Bd4 Bf4 17. Be3 1/2-1/2

[Event "Championnat de France Poussins"]
[Site "CALVI"]
[Date "????.??.??"]
[Round "2.5"]
[White "Barbaras, Mathieu"]
[Black "Gigot, Balthazar"]
[Result "1-0"]
[WhiteElo "1670"]
[BlackElo "1520"]
[PlyCount "59"]
[EventDate "2005.??.??"]
[SourceDate "2005.04.17"]

1. e4 e5 2. Nf3 Nc6 3. Bc4 Bc5 4. d3 Nf6 5. Bg5 O-O 6. Nc3 Be7 7. h4 d6 8. h5
h6 9. Bxf6 Bxf6 10. Nd5 Be6 11. Nxf6+ Qxf6 12. Bxe6 Qxe6 13. c3 b5 14. d4 Qg4
15. Rh4 Qxg2 16. Qe2 b4 17. O-O-O g5 18. Rg1 Qxg1+ 19. Nxg1 gxh4 20. Qg4+ Kh8
21. Qxh4 bxc3 22. bxc3 exd4 23. cxd4 Nxd4 24. Qf6+ Kh7 25. Qxd4 Rg8 26. Nf3 c6
27. e5 dxe5 28. Nxe5 c5 29. Qe4+ Rg6 30. hxg6+ 1-0

[Event "Championnat de France Poussines"]
[Site "CALVI"]
[Date "????.??.??"]
[Round "2.1"]
[White "Mencacci, Floriane"]
[Black "Aflalo, Sophie"]
[Result "0-1"]
[WhiteElo "1370"]
[BlackElo "1790"]
[PlyCount "58"]
[EventDate "2005.??.??"]
[SourceDate "2005.04.17"]

1. e4 c5 2. Nf3 Nc6 3. c3 d5 4. exd5 Qxd5 5. Bb5 Bg4 6. Be2 Nf6 7. c4 Qd7 8. d3
e6 9. Bg5 O-O-O 10. h3 Bf5 11. Nc3 Be7 12. O-O Bxd3 13. Bxd3 Qxd3 14. Qxd3 Rxd3
15. Rfe1 h6 16. Bf4 Nh5 17. Be5 f6 18. Bh2 Nd8 19. Rad1 Rxd1 20. Rxd1 g5 21.
Nb5 Nc6 22. Nd2 Rd8 23. Bc7 Rd7 24. Kf1 a6 25. Bd6 Bxd6 26. Nxd6+ Rxd6 27. g4
Nf4 28. Ke1 Nd4 29. Ne4 Nf3+ 0-1

[Event "Championnat de France Poussines"]
[Site "CALVI"]
[Date "????.??.??"]
[Round "2.2"]
[White "Eid, Maha"]
[Black "Benedetti, Laurina"]
[Result "1-0"]
[WhiteElo "1640"]
[BlackElo "1360"]
[PlyCount "69"]
[EventDate "2005.??.??"]
[SourceDate "2005.04.17"]

1. d4 d5 2. Nf3 Nc6 3. Bf4 Nf6 4. e3 Bf5 5. c4 e6 6. a3 Bd6 7. Bxd6 cxd6 8. Nc3
O-O 9. Be2 Ne4 10. O-O Qd7 11. cxd5 Nxc3 12. bxc3 exd5 13. c4 Be6 14. cxd5 Bxd5
15. Bb5 Qf5 16. Be2 Na5 17. Rb1 Rfc8 18. Rb5 b6 19. Nd2 a6 20. e4 Bxe4 21. Rxf5
Bc2 22. Qe1 Ba4 23. Bf3 Re8 24. Bxa8 Rxe1 25. Rxe1 h6 26. Bd5 Be8 27. Rxe8+ Kh7
28. Be4 f6 29. Rxf6+ g6 30. Rxg6 d5 31. Re7+ Kh8 32. Rxh6+ Kg8 33. Bxd5+ Kf8
34. Ra7 Ke8 35. Rh8# 1-0

[Event "Championnat de France Poussines"]
[Site "CALVI"]
[Date "????.??.??"]
[Round "2.3"]
[White "Ferrer, Lauriane"]
[Black "Andre, Severine"]
[Result "0-1"]
[WhiteElo "1350"]
[BlackElo "1610"]
[PlyCount "98"]
[EventDate "2005.??.??"]
[SourceDate "2005.04.17"]

1. e4 e6 2. d4 d5 3. e5 c5 4. c3 Qb6 5. Nf3 Nc6 6. Be2 Nh6 7. Na3 Nf5 8. Nc2
Bd7 9. O-O Be7 10. g4 Nh6 11. h3 O-O-O 12. Rb1 Qc7 13. b4 c4 14. Ba3 Rde8 15.
b5 Nd8 16. Bxe7 Rxe7 17. a4 f6 18. Rb4 fxe5 19. Nxe5 Ndf7 20. Nxc4 Kb8 21. N4e3
Qxc3 22. b6 axb6 23. Rxb6 Qa5 24. Qb1 Bxa4 25. Ba6 Nd8 26. Qb2 Ka7 27. Rb1 bxa6
28. Qa3 Rb7 29. Qc5 Qxc5 30. dxc5 Rxb6 31. Rxb6 Bxc2 32. Nxc2 Rf8 33. Nb4 d4
34. Nc6+ Nxc6 35. Rxc6 Kb7 36. Rxe6 Rd8 37. c6+ Kc7 38. Re7+ Kxc6 39. Rxg7 d3
40. Kf1 d2 41. Re7 d1=Q+ 42. Re1 Qd3+ 43. Kg2 Qd5+ 44. Kf1 Qh1+ 45. Ke2 Re8+
46. Kd1 Qxe1+ 47. Kc2 Qxf2+ 48. Kd3 Re3+ 49. Kd4 Qf4# 0-1

[Event "Championnat de France Poussines"]
[Site "CALVI"]
[Date "????.??.??"]
[Round "2.4"]
[White "Benkhelil, Ryane"]
[Black "Aggoune, Audessa"]
[Result "1-0"]
[WhiteElo "1590"]
[BlackElo "1330"]
[PlyCount "103"]
[EventDate "2005.??.??"]
[SourceDate "2005.04.17"]

1. e4 d5 2. exd5 Qxd5 3. Nc3 Qa5 4. Nf3 Bg4 5. Be2 Nf6 6. d4 c6 7. Bd2 Nbd7 8.
Ne4 Qc7 9. Nxf6+ gxf6 10. O-O O-O-O 11. c4 Rg8 12. Re1 Bh3 13. Nh4 e5 14. Qb3
Be6 15. d5 Nc5 16. Qf3 Be7 17. dxe6 Rxd2 18. exf7 Rf8 19. Qf5+ Kb8 20. Qxh7 Bd6
21. Nf5 Qxf7 22. Qh6 Ne4 23. Nxd6 Rxd6 24. b4 f5 25. Qe3 Qg6 26. c5 Rd7 27. b5
cxb5 28. Bxb5 Rg7 29. g3 Qg4 30. Qb3 Rf6 31. c6 f4 32. Qd5 Nd6 33. Qb3 f3 34.
Bf1 e4 35. Rad1 Nc8 36. Qc3 Qg6 37. c7+ Ka8 38. Qd4 Rd6 39. Qb4 Re7 40. Rb1 b6
41. Ba6 Rxc7 42. Rxe4 Qh6 43. Bf1 Rd2 44. a4 Qc6 45. a5 Qc5 46. Qxc5 Rxc5 47.
axb6 Nxb6 48. Rf4 Rc3 49. h4 Nd5 50. Rf7 Rc8 51. Rbb7 Ra2 52. Kh2 1-0

[Event "Championnat de France Poussines"]
[Site "CALVI"]
[Date "????.??.??"]
[Round "2.5"]
[White "Monemvasitis, Athina"]
[Black "Griggio, Julie"]
[Result "0-1"]
[WhiteElo "1330"]
[BlackElo "1460"]
[PlyCount "80"]
[EventDate "2005.??.??"]
[SourceDate "2005.04.17"]

1. e4 e6 2. d4 d5 3. e5 c5 4. c3 Nc6 5. Nf3 Qb6 6. Be2 Nh6 7. Bxh6 Qxb2 8. Bxg7
Bxg7 9. c4 Qxa1 10. cxd5 cxd4 11. dxc6 Qxa2 12. Bb5 Qa5+ 13. Nbd2 Qxb5 14. Nxd4
Qxe5+ 15. Ne2 bxc6 16. O-O Ba6 17. Re1 Bxe2 18. Rxe2 Qa1 19. Qxa1 Bxa1 20. f4
Bd4+ 21. Kf1 Rd8 22. Nb3 Bb6 23. f5 Rd1+ 24. Re1 Rxe1+ 25. Kxe1 Ke7 26. fxe6
Kxe6 27. Ke2 Rd8 28. Kf3 Rd3+ 29. Kg4 Rxb3 30. h4 Rb4+ 31. Kg5 Be3+ 32. Kh5 h6
33. g4 Rb5+ 34. g5 hxg5 35. Kh6 gxh4+ 36. Kh7 Ke7 37. Kg7 Rg5+ 38. Kh7 f5 39.
Kh6 Kf7 40. Kh7 Rh5# 0-1

[Event "Championnat de France Open B"]
[Site "CALVI"]
[Date "????.??.??"]
[Round "2.1"]
[White "Caen, Theo"]
[Black "Triboulin, Boyann"]
[Result "1-0"]
[WhiteElo "1130"]
[BlackElo "1420"]
[PlyCount "93"]
[EventDate "2005.??.??"]
[SourceDate "2005.04.17"]

1. e4 e5 2. Nf3 Nc6 3. Bc4 Nf6 4. Ng5 Nxe4 5. Nxf7 Qf6 6. O-O Nd6 7. Nxh8 Nxc4
8. Nc3 b6 9. d3 Nd6 10. Nd5 Qf5 11. Nxc7+ Kd8 12. Nxa8 Bb7 13. Nxb6 axb6 14.
Re1 g6 15. Be3 Nc8 16. Qf3 Qxf3 17. gxf3 Nb4 18. Nf7+ Kc7 19. Rac1 Nxa2 20.
Rcd1 Nb4 21. Re2 Bxf3 22. Rdd2 Bxe2 23. Rxe2 Ne7 24. Nxe5 Nf5 25. Bf4 Kb7 26.
Nxd7 Bc5 27. Nxc5+ bxc5 28. c3 Nxd3 29. Bd2 Nxb2 30. Re6 Nh4 31. Re7+ Kc6 32.
Kf1 Nf3 33. Ke2 Ng1+ 34. Ke3 Nc4+ 35. Kd3 Nb2+ 36. Kc2 Nc4 37. Rxh7 Na3+ 38.
Kd3 Nf3 39. Rh6 Kb5 40. Bf4 Nc4 41. Ke4 Ne1 42. Rxg6 Ka4 43. Ra6+ Kb3 44. Be5
Nd2+ 45. Kd5 c4 46. Rc6 Nd3 47. h4 1-0

[Event "Championnat de France Open B"]
[Site "CALVI"]
[Date "????.??.??"]
[Round "2.2"]
[White "Bole, Felix"]
[Black "San Marco, Lelio"]
[Result "1-0"]
[WhiteElo "1400"]
[BlackElo "1130"]
[PlyCount "61"]
[EventDate "2005.??.??"]
[SourceDate "2005.04.17"]

1. e4 e5 2. Nf3 Nc6 3. Bc4 Nf6 4. d3 Bc5 5. c3 d6 6. d4 Nxe4 7. dxc5 dxc5 8.
Qxd8+ Nxd8 9. Nxe5 Ne6 10. O-O Bd7 11. Nxd7 Kxd7 12. Nd2 Nxd2 13. Bxd2 Ke7 14.
Rfe1 Rad8 15. Rad1 Rd7 16. Bxe6 fxe6 17. Bg5+ Kf7 18. Rxd7+ Ke8 19. Rd8+ Kf7
20. Rxh8 h6 21. Bxh6 gxh6 22. Rxh6 b5 23. Rexe6 Kg7 24. Rh5 Kf7 25. Rc6 c4 26.
Rxc7+ Kg6 27. Rxb5 Kf6 28. Rc6+ Ke7 29. Rb7+ Kd8 30. Rxa7 Ke8 31. Rc8# 1-0

[Event "Championnat de France Open B"]
[Site "CALVI"]
[Date "????.??.??"]
[Round "2.3"]
[White "Bellahcene, Rayane"]
[Black "Zara, Ahmed"]
[Result "0-1"]
[WhiteElo "1120"]
[BlackElo "1400"]
[PlyCount "58"]
[EventDate "2005.??.??"]
[SourceDate "2005.04.17"]

1. e4 e5 2. Nf3 Nc6 3. Nc3 Nf6 4. Bc4 Bc5 5. d3 O-O 6. Bg5 d6 7. Nd5 Bg4 8. h3
Bh5 9. g4 Bg6 10. Bxf6 gxf6 11. Qd2 Kg7 12. O-O-O Nd4 13. Nxd4 Bxd4 14. c3 Bb6
15. Rhg1 c6 16. Nb4 a5 17. Nc2 d5 18. exd5 cxd5 19. Bb3 a4 20. Bxa4 Rxa4 21. b3
Rxa2 22. Kb1 Qa8 23. Qc1 Bxf2 24. Rgf1 Bb6 25. h4 h6 26. h5 Bh7 27. Rde1 Bxd3
28. Rd1 Ra1+ 29. Kb2 Qa2# 0-1

[Event "Championnat de France Open B"]
[Site "CALVI"]
[Date "????.??.??"]
[Round "2.4"]
[White "Cornaton, Maxence"]
[Black "Verne, Manon"]
[Result "1-0"]
[WhiteElo "1380"]
[BlackElo "1100"]
[PlyCount "57"]
[EventDate "2005.??.??"]
[SourceDate "2005.04.17"]

1. e4 e5 2. Nf3 Nc6 3. Bb5 Bb4 4. Bxc6 bxc6 5. Nc3 Nf6 6. Qe2 Qe7 7. O-O O-O 8.
b3 c5 9. Bb2 c4 10. bxc4 Ba6 11. Nb5 Rfc8 12. Bxe5 Qxe5 13. Nxe5 Bxb5 14. cxb5
a6 15. c3 Ba5 16. Nc4 Bb6 17. Nxb6 cxb6 18. bxa6 Rxa6 19. Qxa6 h6 20. Qxc8+ Kh7
21. e5 Ne4 22. d3 Nxc3 23. Qxc3 f6 24. exf6 gxf6 25. Qxf6 h5 26. Rfe1 b5 27.
Re7+ Kg8 28. Qg6+ Kf8 29. Qf7# 1-0

[Event "Championnat de France Open B"]
[Site "CALVI"]
[Date "????.??.??"]
[Round "2.5"]
[White "Weith, Benjamin"]
[Black "Geronimi, Paul-Antoine"]
[Result "0-1"]
[WhiteElo "1110"]
[BlackElo "1370"]
[PlyCount "56"]
[EventDate "2005.??.??"]
[SourceDate "2005.04.17"]

1. e4 e5 2. Nf3 Nc6 3. Bc4 Nf6 4. c3 Bc5 5. d4 exd4 6. Nxd4 Nxd4 7. cxd4 Bb4+
8. Bd2 Bxd2+ 9. Nxd2 O-O 10. O-O d6 11. e5 dxe5 12. dxe5 Ng4 13. Nf3 Qxd1 14.
Raxd1 Re8 15. Rfe1 Bf5 16. Ng5 Nxe5 17. Bxf7+ Nxf7 18. Rxe8+ Rxe8 19. h3 Nxg5
20. Rd5 Rf8 21. g4 Nf3+ 22. Kg2 Be6 23. Rd3 Ne1+ 24. Kf1 Nxd3 25. Ke2 Nxb2 26.
Ke3 Bxa2 27. Ke4 Rxf2 28. h4 Kf7 0-1

[Event "Championnat de France Petit-Poussins"]
[Site "CALVI"]
[Date "????.??.??"]
[Round "3.1"]
[White "Bellahcene, Bilel"]
[Black "Lever, Erwan"]
[Result "1-0"]
[WhiteElo "1630"]
[BlackElo "1360"]
[PlyCount "105"]
[EventDate "2005.??.??"]
[SourceDate "2005.04.17"]

1. e4 e6 2. d4 d5 3. e5 c5 4. c3 Qb6 5. Nf3 Nc6 6. Be2 g6 7. O-O Bd7 8. h3 Bg7
9. Na3 O-O-O 10. Nc2 f6 11. dxc5 Qxc5 12. Be3 Qa5 13. b4 Qa4 14. exf6 Bxf6 15.
Ncd4 Nxd4 16. Nxd4 Qxd1 17. Rfxd1 e5 18. Nf3 Bc6 19. Bxa7 Ne7 20. Bc5 Nf5 21.
g4 Nd6 22. c4 Nxc4 23. Bxc4 dxc4 24. Nd2 Rd7 25. Nxc4 Rxd1+ 26. Rxd1 e4 27.
Nd6+ Kb8 28. b5 Be8 29. Nxe8 Rxe8 30. Rd7 Kc8 31. Rxh7 Bc3 32. b6 Bd2 33. Kf1
e3 34. fxe3 Bxe3 35. Rc7+ Kd8 36. Bxe3 Rxe3 37. Rxb7 Rxh3 38. Rg7 Kc8 39. Rxg6
Kb7 40. g5 Rg3 41. Kf2 Rg4 42. Kf3 Rg1 43. Rg7+ Kxb6 44. g6 Kb5 45. Kf4 Kb4 46.
Rb7+ Ka3 47. g7 Rf1+ 48. Ke3 Re1+ 49. Kd2 Re8 50. Kc3 Kxa2 51. Kc2 Ra8 52.
g8=Q+ Rxg8 53. Ra7# 1-0

[Event "Championnat de France Petit-Poussins"]
[Site "CALVI"]
[Date "????.??.??"]
[Round "3.2"]
[White "Lamard, Guillaume"]
[Black "Drone, Alexandre"]
[Result "1-0"]
[WhiteElo "1570"]
[BlackElo "1009"]
[PlyCount "91"]
[EventDate "2005.??.??"]
[SourceDate "2005.04.17"]

1. d4 d5 2. c4 dxc4 3. e4 e5 4. d5 Nf6 5. Nc3 c6 6. Bxc4 Bb4 7. Qd3 Bxc3+ 8.
bxc3 cxd5 9. exd5 Qb6 10. Ne2 e4 11. Qg3 O-O 12. O-O Ng4 13. h3 Qc5 14. Bb3 Nf6
15. Bf4 Na6 16. Bd6 Nh5 17. Qe5 Qb5 18. c4 Qe8 19. Qxh5 f6 20. Qxe8 Rxe8 21.
Nc3 e3 22. Ba4 exf2+ 23. Kxf2 Bd7 24. Bxd7 Red8 25. Be6+ Kh8 26. Ba3 Nc7 27.
Bg4 Rab8 28. Rfe1 b5 29. Re7 b4 30. Bxb4 Rxb4 31. Rxc7 Rb2+ 32. Kg1 a6 33. Re1
Rc2 34. Ne4 Re8 35. Rc8 Rxc8 36. Bxc8 h6 37. Bxa6 Rxa2 38. Bb5 f5 39. Nd6 f4
40. c5 Rd2 41. c6 Rxd5 42. c7 Rxd6 43. c8=Q+ Kh7 44. Qf5+ g6 45. Qf7+ Kh8 46.
Re8# 1-0

[Event "Championnat de France Petit-Poussins"]
[Site "CALVI"]
[Date "????.??.??"]
[Round "3.3"]
[White "Cogan, Nicolas"]
[Black "Kohi, Armand"]
[Result "0-1"]
[WhiteElo "1009"]
[BlackElo "1530"]
[PlyCount "44"]
[EventDate "2005.??.??"]
[SourceDate "2005.04.17"]

1. e4 e6 2. Nf3 d5 3. exd5 exd5 4. Nc3 Nf6 5. Bd3 Nc6 6. O-O Be7 7. Bb5 Bd7 8.
d3 d4 9. Ne2 Bc5 10. Bg5 O-O 11. Bxc6 Bxc6 12. Rc1 Re8 13. c3 dxc3 14. Rxc3
Bxf3 15. gxf3 Qd7 16. Re1 Bb4 17. Nf4 Rxe1+ 18. Qxe1 Re8 19. Qd2 Bxc3 20. bxc3
h6 21. Bxf6 gxf6 22. Nd5 Qxd5 0-1

[Event "Championnat de France Petit-Poussins"]
[Site "CALVI"]
[Date "????.??.??"]
[Round "3.4"]
[White "Eid, Amine"]
[Black "Getti, Gaetan"]
[Result "0-1"]
[WhiteElo "1510"]
[BlackElo "1009"]
[PlyCount "94"]
[EventDate "2005.??.??"]
[SourceDate "2005.04.17"]

1. e4 e5 2. Bc4 Bc5 3. Nc3 Nc6 4. d3 d6 5. f4 Bxg1 6. Rxg1 Qh4+ 7. g3 Qxh2 8.
Be3 Nf6 9. f5 O-O 10. Rc1 Nh5 11. Qf3 Nd4 12. Bxd4 exd4 13. Ne2 Nxg3 14. Qxg3
Qh6 15. Nf4 Kh8 16. Nh5 Qxc1+ 17. Kf2 Qd2+ 18. Kf3 Qe3+ 19. Kg4 Qxg3+ 20. Kxg3
Bd7 21. Kf3 g6 22. Nf6 Be8 23. Rh1 Kg7 24. Nxh7 Rh8 25. f6+ Kg8 26. a3 g5 27.
Rg1 Rxh7 28. Rxg5+ Kf8 29. Rg4 Rh6 30. Rf4 b5 31. Bd5 c6 32. Bb3 a5 33. Rf5 a4
34. Ba2 Bd7 35. Rf4 Re8 36. Ke2 Be6 37. Bb1 Rg6 38. Rh4 Rxf6 39. Rh8+ Ke7 40.
Rh4 Rg8 41. Rh1 Rfg6 42. c3 Rg2+ 43. Kf1 Rxb2 44. Rh4 Rxb1+ 45. Kf2 Rbg1 46.
cxd4 R8g2+ 47. Ke3 Re1+ 0-1